Problémy "autentického" umenia v globálnej kultúre

Bibliographic Details
Main Author: Sošková, Jana, 1950-2021 (Author)
Format: Article
Language:Slovak
ISBN:9788080944339
Subjects:

MARC

LEADER 00000nab a2200000 ar4500
001 vtls010103200
003 SK-MaSNL
005 20260303081416.0
008 100607|2009 xo ||||||||||||00 b|slo
015 |a SNBRA2010/06  |2 snkbucl 
038 |a SNKBUCL 
040 |a SNKBUCL  |b slo  |c SNKBUCL  |e AACR2 
041 0 |a slo  |b eng 
044 |a xo  |c SK 
080 |a 111.82  |2 2001 
080 |a 7.01  |2 2001 
100 1 |a Sošková, Jana,  |d 1950-2021  |4 aut  |9 197943 
245 1 0 |a Problémy "autentického" umenia v globálnej kultúre  |c Jana Sošková 
504 |a Bibliogr. odkazy v poznámkach 
504 |a Literatúra 
546 |a Res. angl. 
650 0 7 |a kultúra  |2 snkbucl  |9 886 
650 0 7 |a umenie  |2 snkbucl  |9 1060 
650 0 7 |a filozofia umenia  |2 snkbucl  |9 809 
650 0 7 |a autentickosť  |2 snkbucl  |9 1084578 
650 0 7 |a globalizácia  |2 snkbucl  |9 3615 
655 7 |a štúdie  |2 snkbucl  |9 57033 
773 0 |t O interpretácii umeleckého textu. 24, Autentické a univerzálne v tvorbe a interpretácii umenia  |d Nitra : Univerzita Konštantína Filozofa, 2009  |g S. 290-300  |z 9788080944339 
852 |a SNK  |b KIS3GCP 
958 |a NB 
999 |c 1784530  |d 1786460